All Come From Away Songs - Statistics

General Stats
  • This quiz has been taken 60 times
  • The average score is 14 of 22
Answer Stats
# Song % Correct
1 Welcome To The Rock
100%
16 Me And The Sky
82%
19 Somewhere In The Middle of Nowhere
80%
2 38 Planes
78%
22 Screech Out
69%
5 Darkness And Trees
67%
7 Darkness And Trees (Reprise)
67%
21 Finale
67%
4 Wherever We Are
67%
12 Prayer
65%
15 Screech In
65%
10 Costume Party
63%
3 Blankets And Bedding
61%
14 Heave Away
57%
13 On The Edge
57%
20 Something's Missing
53%
11 I Am Here
51%
18 Stop The World
51%
17 The Dover Fault
51%
6 On The Bus
49%
9 Phoning Home
43%
8 Lead Us Out Of The Night
37%
No matching quizzes found
Score Distribution
Percent of People with Each Score
Percentile by Number Answered
Your Score History
You have not taken this quiz